HARRY POTTER - Character Knowledge - Statistics

General Stats
  • This quiz has been taken 115 times
    67 since last reset
  • The average score is 44 of 75
Answer Stats
Character Answer % Correct
Hogwarts House Gryffindor
89%
Hogwarts House Gryffindor
89%
Hogwarts House Gryffindor
89%
Hogwarts House Gryffindor
89%
Hogwarts House Gryffindor
89%
Hogwarts House Gryffindor
89%
Hogwarts House Hufflepuff
84%
Core of Wand Phoenix Feather
84%
Core of Wand Phoenix Feather
84%
Hogwarts House Ravenclaw
84%
Hogwarts House Ravenclaw
84%
Hogwarts House Ravenclaw
84%
Hogwarts House Slytherin
82%
Hogwarts House Slytherin
82%
Hogwarts House Slytherin
82%
Salazar Slytherin
82%
Hogwarts House Slytherin
82%
Hogwarts House Slytherin
82%
Patronus Stag
82%
Core of Wand Unicorn Hair
74%
Core of Wand Unicorn Hair
74%
Core of Wand Unicorn Hair
74%
Core of Wand Unicorn Hair
74%
Core of Wand Unicorn Hair
74%
Patronus Otter
70%
Core of Wand Dragon Heartstring
68%
Core of Wand Dragon Heartstring
68%
Core of Wand Dragon Heartstring
68%
Core of Wand Dragon Heartstring
68%
Core of Wand Dragon Heartstring
68%
Core of Wand Dragon Heartstring
68%
Harry Potter
67%
Ron Weasley
61%
Charlie Weasley
61%
Patronus-- TYPE: NON Non - Corporal
60%
Patronus-- TYPE: NON Non - Corporal
60%
Patronus-- TYPE: NONE Non - Corporal
60%
Patronus-- TYPE: NON Non - Corporal
60%
Patronus-- TYPE: NON Non - Corporal
60%
Patronus—TYPE: NONE None
60%
Patronus-- TYPE: NONE None
60%
Patronus-- TYPE: NONE None
60%
Patronus-- TYPE: NONE None
60%
Patronus-- TYPE: NONE None
60%
Patronus-- TYPE: NONE None
60%
Core of Wand-- TYPE: Unknown Unknown
60%
Hermione Granger
56%
What is the Wand made of (WOOD) Oak
56%
Remus Lupin
54%
Draco Malfoy
54%
Lucius Malfoy
54%
Tom Marvolo Riddle
54%
Rubeus Hagrid
53%
Bellatrix Lestrange
53%
Gilderoy Lockhart
53%
What is the Wand made of (WOOD) Holly
51%
Cedric Diggory
49%
Sybil Trelawney
49%
What is the Wand made of (WOOD) Yew
47%
Garrick Ollivander
44%
What is the Wand made of (WOOD) Elm
42%
Patronus Jack Russell Terrier
42%
What is the Wand made of (WOOD) Ash
26%
What is the Wand made of (WOOD) Ash
26%
What is the Wand made of (WOOD) Hawthorn
25%
What is the Wand made of (WOOD) Walnut
25%
What is the Wand made of (WOOD) Cherry
21%
What is the Wand made of (WOOD) Snakewood
21%
What is the Wand made of (WOOD) Vine
19%
Core of Wand Basilisk Horn
18%
What is the Wand made of (WOOD) Hazel
18%
What is the Wand made of (WOOD) Hornbeam
16%
What is the Wand made of (WOOD) Cypress
14%
What is the Wand made of (WOOD) Chestnut
12%
Patronus Full Moon
7%
No matching quizzes found
Score Distribution
Percent of People with Each Score
Percentile by Number Answered
Your Score History
You have not taken this quiz since the last reset